<?xml version="1.0" encoding="UTF-8"?>
<collection xmlns="http://www.loc.gov/MARC21/slim">
<record>
  <controlfield tag="001">160300</controlfield>
  <controlfield tag="005">20250520135631.0</controlfield>
  <datafield tag="037" ind1=" " ind2=" ">
    <subfield code="a">GDOC-2024-63325</subfield>
  </datafield>
  <datafield tag="970" ind1=" " ind2=" ">
    <subfield code="a">GDOC-2024-63325</subfield>
  </datafield>
  <datafield tag="041" ind1=" " ind2=" ">
    <subfield code="a">spa</subfield>
  </datafield>
  <datafield tag="041" ind1=" " ind2=" ">
    <subfield code="a">eng</subfield>
  </datafield>
  <datafield tag="540" ind1=" " ind2=" ">
    <subfield code="a">by-nc-sa</subfield>
    <subfield code="b">Creative Commons</subfield>
    <subfield code="c">3.0</subfield>
    <subfield code="u">http://creativecommons.org/licenses/by-nc-sa/3.0/</subfield>
  </datafield>
  <datafield tag="260" ind1=" " ind2=" ">
    <subfield code="a">Zaragoza</subfield>
    <subfield code="b">Universidad de Zaragoza</subfield>
    <subfield code="c">2024-2025</subfield>
  </datafield>
  <datafield tag="245" ind1="0" ind2="0">
    <subfield code="9">63325</subfield>
    <subfield code="a">Trabajo fin de Máster (Esp Orientación Educativa)</subfield>
  </datafield>
  <datafield tag="242" ind1="0" ind2="0">
    <subfield code="9">63325</subfield>
    <subfield code="a">Master's Dissertation (Educational Guidance)</subfield>
  </datafield>
  <datafield tag="100" ind1=" " ind2=" ">
    <subfield code="0">(orcid)0000-0002-4294-2982</subfield>
    <subfield code="a">Ana Cristina Blasco, Serrano</subfield>
    <subfield code="1">401590</subfield>
  </datafield>
  <datafield tag="700" ind1=" " ind2=" ">
    <subfield code="0">(orcid)0000-0002-4294-2982</subfield>
    <subfield code="a">Ana Cristina Blasco, Serrano</subfield>
    <subfield code="1">401590</subfield>
  </datafield>
  <datafield tag="700" ind1=" " ind2=" ">
    <subfield code="0">(orcid)0000-0002-2816-6024</subfield>
    <subfield code="a">María de la Esperanza Cid, Romero</subfield>
    <subfield code="1">144350</subfield>
  </datafield>
  <datafield tag="700" ind1=" " ind2=" ">
    <subfield code="0">(orcid)0000-0002-2816-6024</subfield>
    <subfield code="a">María de la Esperanza Cid, Romero</subfield>
    <subfield code="1">144350</subfield>
  </datafield>
  <datafield tag="700" ind1=" " ind2=" ">
    <subfield code="0">(orcid)0000-0002-0456-604X</subfield>
    <subfield code="a">Sara González, Yubero</subfield>
    <subfield code="1">584900</subfield>
  </datafield>
  <datafield tag="700" ind1=" " ind2=" ">
    <subfield code="0">(orcid)0000-0002-0456-604X</subfield>
    <subfield code="a">Sara González, Yubero</subfield>
    <subfield code="1">584900</subfield>
  </datafield>
  <datafield tag="700" ind1=" " ind2=" ">
    <subfield code="a">Ana Isabel Invernón, Gómez</subfield>
    <subfield code="1">948806</subfield>
  </datafield>
  <datafield tag="700" ind1=" " ind2=" ">
    <subfield code="a">Ana Isabel Invernón, Gómez</subfield>
    <subfield code="1">948806</subfield>
  </datafield>
  <datafield tag="700" ind1=" " ind2=" ">
    <subfield code="0">(orcid)0000-0001-5596-1018</subfield>
    <subfield code="a">Natalia Sobradiel, Sierra</subfield>
    <subfield code="1">402061</subfield>
  </datafield>
  <datafield tag="700" ind1=" " ind2=" ">
    <subfield code="0">(orcid)0000-0001-5596-1018</subfield>
    <subfield code="a">Natalia Sobradiel, Sierra</subfield>
    <subfield code="1">402061</subfield>
  </datafield>
  <datafield tag="830" ind1=" " ind2=" ">
    <subfield code="9">584</subfield>
  </datafield>
  <datafield tag="830" ind1=" " ind2=" ">
    <subfield code="9">604</subfield>
  </datafield>
  <datafield tag="856" ind1="4" ind2=" ">
    <subfield code="s">78398</subfield>
    <subfield code="u">http://zaguan.unizar.es/record/160300/files/guia-63325-es.pdf</subfield>
    <subfield code="y">Guía (idioma español)</subfield>
  </datafield>
  <datafield tag="856" ind1="4" ind2=" ">
    <subfield code="s">9700</subfield>
    <subfield code="u">http://zaguan.unizar.es/record/160300/files/guia-63325-en.pdf</subfield>
    <subfield code="y">Guide (english)</subfield>
  </datafield>
  <datafield tag="521" ind1=" " ind2=" ">
    <subfield code="9">659</subfield>
    <subfield code="a">Máster Universitario en Profesorado de Educación Secundaria Obligatoria, Bachillerato, Formación Profesional y Enseñanzas de Idiomas, Artísticas y Deportivas</subfield>
    <subfield code="b">Master's in Teacher for Mandatory Secondary Education, Baccalaureate, Vocational Training and Language, Arts and Sports Education</subfield>
  </datafield>
  <datafield tag="980" ind1=" " ind2=" ">
    <subfield code="a">GDOC</subfield>
    <subfield code="b">Ciencias Sociales y Jurídicas</subfield>
    <subfield code="b">Social Sciences and Law</subfield>
    <subfield code="c">107</subfield>
  </datafield>
</record>
</collection>